000 00662cam a22002293a 4500
001 24067
003 PGUSA
005 20140828083520.0
008 071229s2007||||xxu|||||s|||||000 | eng d
040 _aPGUSA
_beng
042 _adc
050 4 _aBX
100 1 _aJones, Paul,
_d1880-1941
245 1 0 _aHidden from the Prudent :
_bThe 7th William Penn Lecture, May 8, 1921
_h[electronic resource] /
_cPaul Jones
260 _bProject Gutenberg,
_c2007
506 _aPublic domain in the USA.
516 _aElectronic text
653 _aChristian life
830 0 _aProject Gutenberg
_v24067
856 4 0 _uhttp://www.gutenberg.org/ebooks/24067
942 _cEB
999 _c253322
_d253322